<?xml version="1.0" encoding="UTF-8"?>
<record
    xmlns:xsi="http://www.w3.org/2001/XMLSchema-instance"
    xsi:schemaLocation="http://www.loc.gov/MARC21/slim http://www.loc.gov/standards/marcxml/schema/MARC21slim.xsd"
    xmlns="http://www.loc.gov/MARC21/slim">

  <leader>01214nam a22002417a 4500</leader>
  <controlfield tag="001">5686</controlfield>
  <controlfield tag="003">FISKH</controlfield>
  <controlfield tag="005">20250122125603.0</controlfield>
  <controlfield tag="008">250114b        cb ||||| |||| 00| 0 eng d</controlfield>
  <datafield tag="020" ind1=" " ind2=" ">
    <subfield code="a">9781107635203</subfield>
  </datafield>
  <datafield tag="040" ind1=" " ind2=" ">
    <subfield code="a">FISKH</subfield>
    <subfield code="b">eng</subfield>
    <subfield code="c">FISKH</subfield>
    <subfield code="d">FISKH</subfield>
  </datafield>
  <datafield tag="050" ind1=" " ind2=" ">
    <subfield code="a">PZ7</subfield>
  </datafield>
  <datafield tag="082" ind1=" " ind2=" ">
    <subfield code="a">800</subfield>
  </datafield>
  <datafield tag="100" ind1=" " ind2=" ">
    <subfield code="a">Barker, Chris</subfield>
  </datafield>
  <datafield tag="245" ind1=" " ind2=" ">
    <subfield code="a">Cambridge Global English stage 9 workbook :</subfield>
    <subfield code="b">for Cambridge secondary 1 English as a second language /</subfield>
    <subfield code="c">by Chris Barker and Libby Mitchell</subfield>
  </datafield>
  <datafield tag="250" ind1=" " ind2=" ">
    <subfield code="a">First published 2016</subfield>
  </datafield>
  <datafield tag="260" ind1=" " ind2=" ">
    <subfield code="a">Cambridge : </subfield>
    <subfield code="b">Cambridge University Press ;</subfield>
    <subfield code="c">2016.</subfield>
  </datafield>
  <datafield tag="300" ind1=" " ind2=" ">
    <subfield code="a">128 pages : </subfield>
    <subfield code="b">illustrations ;</subfield>
    <subfield code="c">28 cm . </subfield>
  </datafield>
  <datafield tag="520" ind1=" " ind2=" ">
    <subfield code="a">Cambridge Global English Stages 7-9 follow the Cambridge Lower Secondary English as a Second Language (ESL) Curriculum Framework. Workbook 9 is organised into eighteen thematic units of study based on the Cambridge International Examinations English as a Second Language Scheme of Work for Stage 9. The units are carefully structured to reinforce the language learning of the Coursebook, at the same time as extending students' knowledge via a range of exercise types. CEFR Level: B1</subfield>
  </datafield>
  <datafield tag="700" ind1=" " ind2=" ">
    <subfield code="a">Mitchell, Libby</subfield>
    <subfield code="e">author</subfield>
  </datafield>
  <datafield tag="942" ind1=" " ind2=" ">
    <subfield code="2">ddc</subfield>
    <subfield code="c">BK</subfield>
    <subfield code="n">0</subfield>
  </datafield>
  <datafield tag="999" ind1=" " ind2=" ">
    <subfield code="c">5686</subfield>
    <subfield code="d">5686</subfield>
  </datafield>
  <datafield tag="952" ind1=" " ind2=" ">
    <subfield code="0">0</subfield>
    <subfield code="1">0</subfield>
    <subfield code="2">ddc</subfield>
    <subfield code="4">0</subfield>
    <subfield code="7">0</subfield>
    <subfield code="8">NFIC</subfield>
    <subfield code="a">001</subfield>
    <subfield code="b">001</subfield>
    <subfield code="c">SNS</subfield>
    <subfield code="d">2025-01-14</subfield>
    <subfield code="l">0</subfield>
    <subfield code="o">BAR PZ7 800</subfield>
    <subfield code="p">2025-0028</subfield>
    <subfield code="r">2025-01-14 08:47:47</subfield>
    <subfield code="t">1</subfield>
    <subfield code="w">2025-01-14</subfield>
    <subfield code="y">BK</subfield>
  </datafield>
  <datafield tag="952" ind1=" " ind2=" ">
    <subfield code="0">0</subfield>
    <subfield code="1">0</subfield>
    <subfield code="2">ddc</subfield>
    <subfield code="4">0</subfield>
    <subfield code="7">0</subfield>
    <subfield code="8">NFIC</subfield>
    <subfield code="a">001</subfield>
    <subfield code="b">001</subfield>
    <subfield code="c">SNS</subfield>
    <subfield code="d">2025-01-14</subfield>
    <subfield code="l">0</subfield>
    <subfield code="o">BAR</subfield>
    <subfield code="p">2025-0063</subfield>
    <subfield code="r">2025-01-21 15:14:17</subfield>
    <subfield code="t">2</subfield>
    <subfield code="w">2025-01-14</subfield>
    <subfield code="y">BK</subfield>
  </datafield>
</record>
